Регионална библиотека "Любен Каравелов" - Русе

Дневникът на един Дръндьо : Двама са малко, трима са много : Ч.7 (Запис номер 178915)

MARC детайли
000 -Лидер
Контролно поле с фиксирана дължина 01374nam a2200325 a 4500
003 - Код на организацията, давaща контролен номер
Контролно поле BLK
005 - Дата и час на последна редакция
Контролно поле 20250802120948.0
008 - Елементи от данни с фиксирана дължина
fixed length control field 180411b bul|||||r ||||||| ||bul||
010 ## - Наследен системен номер
LC control number KNG00187675000
020 ## - Международен стандартен номер на книга ISBN
Международен стандартен номер на книга ISBN 978-954-8396-68-4
020 ## - Международен стандартен номер на книга ISBN
Международен стандартен номер на книга ISBN 978-954-8396-69-1
040 ## - Източник на каталожния запис
Идентификатор на билиотеката - собственик на записа BLK
041 ## - Код за език
Код за езика на текст/звукозапис или на отделно заглавие Български
Код за езика КДБФ Български
072 #7 - Код за тематичната категория
Код организация bullib
Код за тематична категория Н85
Текст Детска художествена литература Н
080 ## - УДК
Текстов определител УДК Американска литература (на САЩ)
УДК код - определител по УДК 821.111(73)
УДК определител -93-32
УДК - код + определител 821.111(73)-93-32
100 1# - Редна дума - Автор
Автор Кини, Джеф
Авторска отговорност първи автор
R(LIN) 309890
139 ## - Редно поле
Редна дума Кини, Джеф
Авторски знак Кин - К 54
245 10 - Сведения за заглавието
Заглавие Дневникът на един Дръндьо : Двама са малко, трима са много : Ч.7
Редно поле (дума) Джеф Кини; прев. Михаил Балабанов.
257 ## - Страна на издаване
Страна на създаване/издаване Съединени американски щати
260 ## - Област на издателските данни
Име на издателя, разпространителя и проч. ДУО ДИЗАЙН
Година на издаване 2016
Място на издаване, разпространение и проч. София
300 ## - Физическа характеристика
Страници 218 с.
Илюстрации и др. с ил.
Размери/Мащаб 21 см
380 ## - Жанр
Жанр Детска худож. лит.
500 ## - Общи забележки
Забележка Ориг. загл. Diary of a Wimpy Kid. The Third Wheel / Jeff Kinney. - Съдържа и За автора. Кн. 7.
700 ## - Други автори (авторска отговорност)
Лично име Балабанов, Михаил Петров
Автороска отговорност (Описва отношението между автора и произведението) прев. от англ.
9 (RLIN) 1021
852 ## - Местоположение
Форматна сигнатура Цб 255103
Фондова буква Хранилище
856 4# - Електронен адрес и достъп
Електронен формат pdf - файл
Инструкция (цена за достъп) 0.00
Права за достъп disable
856 4# - Електронен адрес и достъп
Електронен формат pdf - файл
Инструкция (цена за достъп) 0.00
Права за достъп disable
999 ## - СИСТЕМНИ КОНТРОЛНИ НОМЕРА
Koha biblionumber 178915
Koha biblioitemnumber 178915
942 ## - АРТИКУЛИ
Вид на библиотечния материал Книги
Скрит в OPAC Не
Koha issues (borrowed), all copies 297
Периодичен библиозапис Да
944 ## - СЪЗДАВАНЕ И РЕДАКЦИЯ на ЗАПИСА
Създаване/Редакция Създаване
Дата на регистрацията/редакция 14.04.2016
Статус, дата на статуса Ива Цветкова
Служител, извършил регистрацията/редакцията 30543
Наличности
Код за отписване Код за изгубен артикул Източник на класификационната схема Код за повреда Коз за рестрикции Код за отдаване Артикулен № Име на библиотеката - собственик Име на библиотеката, в която се намира в момента Статус (Текущо местоположение) Дата на вписване в системата Местоположение - отдел Цена в лева Инвентарен номер Систематично азбучна сигнатура Баркод Номер на екземпляра Цена в евро Служебна бележка Служебен тип на артикула
  Не е изгубен Universal Decimal Classification Не е повреден без рестрикции заемане за дома 307028 Регионална библиотека "Любен Каравелов" Русе Регионална библиотека "Любен Каравелов" Русе Детски отдел 2016-04-14 Детски отдел 10.06 120000799769 ДХ 820/899/К 54 120000799769 1 5.14 Дост: Pk Вид: Ф N: 646 Дата: 13.04.2016 Книги
  Не е изгубен Universal Decimal Classification Не е повреден без рестрикции заемане за дома 307029 Регионална библиотека "Любен Каравелов" Русе Регионална библиотека "Любен Каравелов" Русе Детски отдел 2016-04-14 Детски отдел 10.06 120000799770 ДХ 820/899/К 54 120000799770 2 5.14 Дост: Pk Вид: Ф N: 646 Дата: 13.04.2016 Книги
  Не е изгубен   Не е повреден без рестрикции ползва се в читалня 307030 Регионална библиотека "Любен Каравелов" Русе Регионална библиотека "Любен Каравелов" Русе Хранилище 2016-12-20 Хранилище 12.90 120000806524 Цб 255103 120000806524 3 6.60 Дост: Dp Вид: Д N: 48 Дата: 15.11.2016 Книги
  Не е изгубен Universal Decimal Classification Не е повреден без рестрикции заемане за дома 677674 Регионална библиотека "Любен Каравелов" Русе Регионална библиотека "Любен Каравелов" Русе Детски отдел 2018-06-19 Детски отдел 11.00 120000821403 ДХ 820/899/К 54 120000821403   5.62   Книги
  Не е изгубен Universal Decimal Classification Не е повреден без рестрикции заемане за дома 677675 Регионална библиотека "Любен Каравелов" Русе Регионална библиотека "Любен Каравелов" Русе Детски отдел 2018-06-19 Детски отдел 11.00 120000821381 ДХ 820/899/К 54 120000821381   5.62   Книги
  Не е изгубен Universal Decimal Classification Не е повреден без рестрикции заемане за дома 921947 Регионална библиотека "Любен Каравелов" Русе Регионална библиотека "Любен Каравелов" Русе Детски отдел 2023-01-18 Детски отдел 9.03   821-93/К 54 Д 120000881589   4.62   Книги
  Не е изгубен Universal Decimal Classification Не е повреден без рестрикции заемане за дома 921948 Регионална библиотека "Любен Каравелов" Русе Регионална библиотека "Любен Каравелов" Русе Детски отдел 2023-01-18 Детски отдел 9.03   821-93/К 54 Д 120000881590   4.62   Книги
Vip Innovations Ltd, Rousse, Bulgaria 2025